000 01777nem0a2200277 4500
001 RU\NLR\BIBL_A\012150161
005 20250623214449.0
035 _a(NLR Aleph) 012150161
090 _a12143814
_c12143814
100 _a20191129d19131916|||y0rusy50 ca
101 0 _arus
102 _aRU
120 _abyy xx||
123 1 _aа
_b2100000
200 1 _aДорожная карта Кавказа
_bКарты
_eк XIII съезду русских естествоиспытателей и врачей в Тифлисе 16-24 июня 1913-го года
_fсоставил по почтовому дорожнику 1911 года капитан Башенев
_gспециальное издание Распорядительнаго комитета
206 _a1:2 100 000, 50 вёрст в 1 дюйме (21 км в 1 см), граф. м-б в вёрстах
210 _a[Тифлис
_d1913]
215 _a1 к
_c2 цв.
_d43х56 (53х71) см
327 1 _aДоп. карты: Разстояния между портами Чернаго и Азовскаго м.; Караклис, Александрополь, Ани, Эчмиадзин и Эриван.-1:840 000; Окрестности Боржома и Абас-Тумана.-1:420 000; Апшеронский полуостров.-1:420 000; Гора Казбек и Девдоракский ледник.-1:84 000; Группа Минеральных вод.-1:420 000
509 0 1 _7ca
_aКавказ
_92633926
_3RU\NLR\auth_crt\55754
607 _aКавказ
_jКарты
_9945522
_3RU\NLR\AUTH\6632006
608 _aКарты путей сообщения и транспорта
_92301684
_3RU\NLR\AUTH\6601604446
852 _aNLR
_bК
_j3-Кав 2/234
_m79711
942 _cMAP
980 _aNB